| 000 | 00660nam a2200217Ia 4500 | ||
|---|---|---|---|
| 003 | BUBTL | ||
| 008 | 151213s9999 xx 000 0 und d | ||
| 020 | _a0-19-507277-4 | ||
| 082 | _a338.064 / KOM | ||
| 100 |
_aEd.Bruce Kogut _92527 |
||
| 245 |
_aCountry Competitiveness:Technology & the Organizing Work _cEd.Bruce Kogut |
||
| 260 |
_aNew York _bOxford University Press _c1993 |
||
| 300 |
_a[viii], 270p. : _b23cm. _cMarketing. |
||
| 500 | _aIncludes Index. | ||
| 650 |
_aCompetition Cases Studies _92528 |
||
| 650 |
_aReference _92529 |
||
| 700 |
_aEd.Bruce Kogut _92527 |
||
| 856 |
_k0 _l0 _yDownload |
||
| 942 |
_2ddc _cBK |
||
| 999 |
_c1946 _d1946 |
||